|
|
|
|
| LEADER |
00812cam a2200253 7i4500 |
| 001 |
0000036489 |
| 005 |
20201006090000.0 |
| 007 |
##ta |
| 008 |
201001s2020 my eng |
| 020 |
# |
# |
|a 9789284205103
|
| 040 |
# |
# |
|a MATR
|
| 090 |
0 |
0 |
|a REF 380.1
|b INC
|
| 245 |
0 |
0 |
|a Incoterms 2020 :
|b ICC RULES FOR THE USE OF DOMESTIC AND INTERNATIONAL TRADE TERMS.
|
| 264 |
# |
4 |
|a ♭.
|
| 264 |
# |
1 |
|a Paris:
|b International Chamber of Commerce (ICC),
|c 2020.
|
| 300 |
# |
# |
|a 193 pages:
|b illustrations;
|c 23 cm.
|
| 336 |
# |
# |
|a text
|2 rdacontent
|
| 337 |
# |
# |
|a unmediated
|2 rdamedia
|
| 338 |
# |
# |
|a volume
|2 rdacarrier
|
| 504 |
# |
# |
|a Includes bibliographical references and index
|
| 650 |
1 |
0 |
|a Trade
|
| 650 |
2 |
0 |
|a Incoterms
|
| 650 |
2 |
0 |
|a Commerce international --
|x Reglementation
|
| 999 |
|
|
|a B000041246
|b Book
|c Reference
|e Business Information Centre
|